| 000 | 00793nam a2200241 4500 | ||
|---|---|---|---|
| 003 | OSt | ||
| 005 | 20260601193856.0 | ||
| 008 | 260507b1971 xxu |||| |||| 00| 0 eng d | ||
| 020 | _a0262650126 | ||
| 040 |
_aICI _bspa _cICI |
||
| 050 | 4 |
_aHT167 _bO54 |
|
| 100 | 1 |
_a Olmsted, Frederick Law, _d1822-1903, _933152 |
|
| 245 | 1 |
_aCivilizing american cities : _bA selection of frederick law olmsted's writings on city landscapes / _cEdited by s. b. sutton |
|
| 264 |
_bThe MIT Press, _c1971 _aCambridge, Massachusetts. : |
||
| 300 |
_a310 páginas _c23cm. |
||
| 336 |
_atexto _2rdacontent |
||
| 337 |
_asin medio _2rdamedia |
||
| 338 |
_avolumen _2rdacarrier |
||
| 650 | 0 |
_aPargues _zEstados Unidos _933153 |
|
| 650 | 0 |
_aUrbanismo _zEstados Unidos |
|
| 700 |
_aSutton, S. B. _933155 |
||
| 942 |
_2lcc _cB |
||
| 999 |
_c22072 _d22072 |
||